Movies Quiz

Random Movies Quiz

Kuroshitsuji Characters Quiz Stats

 Plays Quiz not verified by Sporcle

Challenge
Share
Tweet
Score 0/45 Timer 12:00
0 Plays Today
% Correct
Sebastian Michaelis
100%
Ciel Phantomhive
96.9%
Elizabeth Midford
95.9%
Alois Trancy
94.9%
Finnian
92.8%
Claude Faustus
88.2%
Joker
86.7%
Tanaka
86.7%
Undertaker
86.7%
Snake
85.6%
Mey-rin
85.1%
Grell Sutcliff
83.1%
Beast
82.1%
Doll
74.9%
Lau
74.4%
William T. Spears
74.4%
Prince Soma
72.3%
Vincent Phantomhive
71.3%
Pluto
69.7%
Angela Blanc
69.2%
Madam Red
68.2%
Baldroy
67.2%
Dagger
66.7%
% Correct
Hannah Anafeloz
65.1%
Agni
65.1%
Paula
58.5%
Queen Victoria
58.5%
Jumbo
58.5%
Ran-mao
57.9%
Ronald Knox
54.4%
Wendy
53.8%
Ash Landers
53.3%
Peter
53.3%
Charles Grey
52.8%
Rachel Phantomhive
49.7%
Canterbury, Thompson and Timber
42.6%
Fred Abberline
42.1%
Gregory Violet
36.4%
Drossel Keinz
35.9%
Baron Kelvin
29.7%
Clayton
26.7%
Aleistor Chamber
26.2%
Cheslock
25.6%
Sieglinde Sullivan
23.2%
Wolfram Gelzer
22.1%

You're not logged in!

Compare scores with friends on all Sporcle quizzes.
OR
Log In

You Might Also Like...

Show Comments

Extras

Created Oct 21, 2016ReportNominate
Tags:character

Top Quizzes Today


Score Distribution

Your Account Isn't Verified!

In order to create a playlist on Sporcle, you need to verify the email address you used during registration. Go to your Sporcle Settings to finish the process.

Report this User

Report this user for behavior that violates our Community Guidelines.

Details: